La arqueología (Registro nro. 4599)

Detalles MARC
000 -CABECERA
Longitud fija campo de control 00806nam a2200241Ia 4500
005 - • FECHA Y HORA DE LA ÚLTIMA TRANSACCIÓN
Fecha y hora de la última transacción 20220317000628.0
008 - • CÓDIGOS DE INFORMACIÓN DE LONGITUD FIJA
Códigos de información de longitud fija 160601s2003 ck a g 000 0 spa
020 ## - • NÚMERO INTERNACIONAL NORMALIZADO PARA LIBROS
Número Internacional Normalizado para Libros (ISBN) 9681669282
082 04 - • NÚMERO DE LA CLASIFICACIÓN DECIMAL DEWEY
Número de clasificación (R) 571.1028
Número del ítem M15a
040 ## - FUENTE DE LA CATALOGACIÓN
Centro catalogador de origen CO-BoRNBP
Lengua de catalogación spa
Normas de descripción rda
Centro transcriptor CO-BoRNBP
100 1# - • PUNTO DE ACCESO PRINCIPAL-NOMBRE DE PERSONA
Nombre de persona Manzanilla, Linda
245 13 - • TITULO PROPIAMENTE DICHO
Título La arqueología
Resto del título una visión científica del pasado del hombre
Mención de responsabilidad, etc. Linda Manzanilla, Luis Barba
250 ## - • MENCIÓN DE EDICIÓN
Mención de edición 3a. edición
264 ## - PRODUCCIÓN, PUBLICACIÓN , DISTRIBUCIÓN, FABRICACIÓN Y COPYRIGHT
Lugar de producción, publicación, distribución, fabricación Bogotá
Nombre del productor, editor, distribuidor, fabricante Fondo de Cultura Económica
Fecha de de producción, publicación, distribución, fabricación o copyright 2003
300 ## - • DESCRIPCIÓN FÍSICA
Extensión 108 páginas
Otras características físicas ilustraciones
Dimensiones 22 cm
336 ## - TIPO DE CONTENIDO
Término de tipo de contenido texto
Código de tipo de contenido txt
Fuente rdacontent
337 ## - TIPO DE MEDIO
Nombre del tipo de medio sin mediación
Código del tipo de medio n
Fuente rdamedia
338 ## - TIPO DE SOPORTE
Nombre del tipo de soporte volumen
Código del tipo de soporte nc
Fuente rdacarrier
650 14 - • PUNTO DE ACCESO ADICIONAL DE MATERIA - TÉRMINO DE MATERIA
Fuente del encabezamiento o término LEMB
Término de materia o nombre geográfico como elemento inicial Arqueología
Subdivisión de materia general Metodología
650 14 - • PUNTO DE ACCESO ADICIONAL DE MATERIA - TÉRMINO DE MATERIA
Fuente del encabezamiento o término LEMB
Término de materia o nombre geográfico como elemento inicial Superficie terrestre
700 1# - • PUNTO DE ACCESO ADICIONAL - NOMBRE DE PERSONA
Nombre de persona Barba, Luis
942 ## - ENTRADA DE ELEMENTOS AGREGADOS (KOHA)
Fuente de clasificaión o esquema Dewey Decimal Classification
Koha [por defecto] tipo de item LIbro
Existencias
Perdido Fuente de clasificación o esquema Estado Físico No para préstamo Forma de adquisición Localización permanente Localización actual Localización en estanterías Fecha adquisición Préstamos totales Signatura completa Código de barras Fecha última consulta Número de copia Fecha del precio de reemplazo Tipo de item de Koha
  Dewey Decimal Classification     Colección General Biblioteca Pública Cumaral - Alvaro Garzon Torres Biblioteca Pública Cumaral - Alvaro Garzon Torres General 06/13/2024   571.1028M15a CUM00454 06/13/2024 Ej.1 06/13/2024 LIbro
  Dewey Decimal Classification     Colección General Biblioteca Pública José Eustasio Rivera - San Martin Biblioteca Pública José Eustasio Rivera - San Martin General 10/10/2023   571.1028 M15a SM0002778 10/10/2023 Ej.1 10/10/2023 LIbro
  Dewey Decimal Classification     Colección General Biblioteca Pública Acacias - Carlos María Hernández Rojas Biblioteca Pública Acacias - Carlos María Hernández Rojas General 01/28/2026   571.1028 M15a ACA04497 01/28/2026 Ej.1 01/28/2026 LIbro
  Dewey Decimal Classification     Colección General Biblioteca Pública La Macarena Biblioteca Pública La Macarena General 08/08/2025   571.1028 M15a LM02894 08/08/2025 Ej.1 08/08/2025 LIbro
  Dewey Decimal Classification     Colección General Biblioteca Pública Puerto Rico Biblioteca Pública Puerto Rico General 02/08/2023   571.1028M15a PR0000053 02/08/2023 Ej.1 02/08/2023 LIbro









Instituto Departamental de Cultura del Meta - Red Departamental de Bibliotecas Públicas del Meta.